MARC

LEADER 00000nam0a2200000 4500
001 260289
005 20231101233450.0
010 |a 5217002522 
035 |a (RuTPU)RU\TPU\book\283237 
090 |a 260289 
100 |a 20140514d1988 km y0rusy50 ca 
101 0 |a rus 
102 |a RU 
105 |a a z 001zy 
200 1 |a Шлифовальные станки  |f В. В. Лоскутов 
205 |a 2-е изд., перераб. и доп. 
210 |a Москва  |c Машиностроение  |d 1988 
215 |a 176 с.  |c ил. 
225 1 |a Библиотека станочника 
320 |a Библиогр.: с. 173. 
606 1 |a Шлифовальные станки  |2 stltpush  |3 (RuTPU)RU\TPU\subj\73130  |9 86322 
610 1 |a заготовки 
610 1 |a обработка 
610 1 |a механизмы 
610 1 |a узлы 
610 1 |a схемы 
610 1 |a автоматизация 
610 1 |a ЧПУ 
610 1 |a техника безопасности 
675 |a 621.924.1  |v 3 
700 1 |a Лоскутов  |b В. В.  |g Василий Васильевич 
801 1 |a RU  |b 63413507  |c 20140514 
801 2 |a RU  |b 63413507  |c 20150202  |g RCR 
942 |c BK